[Event "Quebec-ch Senior"]
[Site "Montreal"]
[Date "2018.04.20"]
[Round "1.10"]
[White "Labadie, Bernard"]
[Black "Michaud, Luc"]
[Result "0-1"]
[WhiteElo "1371"]
[BlackElo "1714"]
[PlyCount "60"]
[EventDate "2018.04.20"]
[EventType "swiss"]
[EventRounds "5"]
[EventCountry "CAN"]
[SourceTitle "EXT 2022"]
[Source "ChessBase"]
[SourceDate "2021.10.06"]
[SourceVersion "1"]
[SourceVersionDate "2021.10.06"]
[SourceQuality "1"]

1. c4 Nf6 2. Nc3 e6 3. d4 d5 4. Bg5 Be7 5. e3 c6 6. Nf3 Nbd7 7. Bd3 0-0 8. 0-0 h6 9. Bh4 b6 10. Re1 Bb7 11. Rc1 dxc4 12. Bxc4 c5 13. Bg3 a6 14. a4 Rc8 15. Qe2 Ra8 16. h3 Re8 17. e4 cxd4 18. Nxd4 Nc5 19. Red1 Ncd7 20. Bxe6 Bc5 21. Bxd7 Qxd7 22. Ndb5 Qc6 23. Nc7 Rxe4 24. Nxe4 Nxe4 25. Qf3 Nxg3 26. Qxg3 Rc8 27. Nd5 Qe6 28. Nf4 Qf5 29. Rd7 Qxd7 30. Nh5 Bxf2+ 0-1

[Event "Montreal Transcontinental ABCDEFG"]
[Site "Montreal"]
[Date "2016.12.11"]
[Round "4"]
[White "Labadie, Bernard"]
[Black "Lauzon, Francois"]
[Result "1-0"]
[WhiteElo "1247"]
[BlackElo "1200"]
[PlyCount "71"]
[EventDate "2016.12.09"]
[EventType "swiss"]
[EventRounds "5"]
[EventCountry "CAN"]
[SourceTitle "EXT 2022"]
[Source "ChessBase"]
[SourceDate "2021.10.06"]
[SourceVersion "1"]
[SourceVersionDate "2021.10.06"]
[SourceQuality "1"]

1. e4 e5 2. Nf3 Nc6 3. Bc4 Bc5 4. 0-0 Nf6 5. Qe2 0-0 6. a3 a5 7. Nc3 Nd4 8. Qd1 Nxf3+ 9. Qxf3 c6 10. h3 b5 11. Ba2 Ba6 12. d3 h6 13. Qg3 d6 14. Bxh6 Nh5 15. Qg4 g6 16. Bxf8 Kxf8 17. Kh1 Bc8 18. Qd1 Qh4 19. Qf3 f6 20. Ne2 Ra7 21. b4 axb4 22. axb4 Bb6 23. Ng1 Qg5 24. Bb3 Rxa1 25. Rxa1 Bb7 26. Be6 Kg7 27. Bg4 Qd2 28. Bxh5 gxh5 29. Qxh5 Qxf2 30. Qg4+ Kh6 31. Nf3 Qxc2 32. h4 Qb2 33. Re1 Qxb4 34. h5 Kh7 35. Qg6+ Kh8 36. h6 1-0

[Event "Montreal Juste pour jouer"]
[Site "Montreal"]
[Date "2012.10.08"]
[Round "7"]
[White "Labadie, Bernard"]
[Black "Tinica, Gabriel"]
[Result "1-0"]
[WhiteElo "1290"]
[BlackElo "958"]
[PlyCount "117"]
[EventDate "2012.10.05"]
[EventType "swiss"]
[EventRounds "7"]
[EventCountry "CAN"]
[SourceTitle "EXT 2022"]
[Source "ChessBase"]
[SourceDate "2021.10.06"]
[SourceVersion "1"]
[SourceVersionDate "2021.10.06"]
[SourceQuality "1"]

1. d4 Nf6 2. Nf3 g6 3. Nbd2 Bg7 4. e4 d6 5. c3 0-0 6. Bc4 Nc6 7. h3 e5 8. d5 Ne7 9. Bd3 Nd7 10. g4 Nc5 11. Bc2 c6 12. c4 Bd7 13. Nh4 Nc8 14. Ndf3 Nb6 15. b3 Bf6 16. Ng2 Bg7 17. Bg5 f6 18. Bh4 g5 19. Bg3 a5 20. Qe2 a4 21. b4 Na6 22. Rb1 Qc7 23. Ne3 c5 24. a3 cxb4 25. axb4 Rac8 26. Bd3 Kh8 27. Nd2 Rf7 28. 0-0 Bf8 29. Kg2 Be7 30. Rfc1 Kg7 31. Nf5+ Kg6 32. h4 h6 33. Nxe7+ Rxe7 34. f3 gxh4 35. Bxh4 Rg8 36. c5 dxc5 37. bxc5 Nxc5 38. Bf2 Nxd3 39. Rxc7 Nf4+ 40. Kf1 Nxe2 41. Kxe2 Bb5+ 42. Rxb5 Rxc7 43. Bxb6 Rd7 44. Ra5 Rd6 45. Bc7 Rd7 46. d6 h5 47. gxh5+ Kxh5 48. Rxa4 Rg2+ 49. Ke3 Kg5 50. Rb4 f5 51. exf5 Kxf5 52. Rxb7 Rg3 53. Rb8 Ke6 54. Ne4 Rh3 55. Nc5+ Kf5 56. Nxd7 e4 57. Rf8+ Ke6 58. Nc5+ Ke5 59. d7+ 1-0

[Event "Montreal Juste pour jouer"]
[Site "Montreal"]
[Date "2012.10.07"]
[Round "5"]
[White "Rodrigue Lemieux, Shawn"]
[Black "Labadie, Bernard"]
[Result "1-0"]
[WhiteElo "1138"]
[BlackElo "1290"]
[PlyCount "103"]
[EventDate "2012.10.05"]
[EventType "swiss"]
[EventRounds "7"]
[EventCountry "CAN"]
[SourceTitle "EXT 2022"]
[Source "ChessBase"]
[SourceDate "2021.10.06"]
[SourceVersion "1"]
[SourceVersionDate "2021.10.06"]
[SourceQuality "1"]

1. e4 c5 2. Nf3 d6 3. d4 cxd4 4. Qxd4 Nc6 5. Bb5 Bd7 6. Bxc6 Bxc6 7. Bg5 Qc7 8. Nc3 f6 9. Bh4 e6 10. 0-0-0 Nh6 11. Qc4 Qd7 12. Nd4 Kf7 13. h3 Re8 14. f4 Ke7 15. e5 d5 16. Qc5+ Kf7 17. Qxa7 Bb4 18. Nde2 Ra8 19. Qf2 Nf5 20. exf6 gxf6 21. g4 Nxh4 22. Qxh4 Bxc3 23. Nxc3 d4 24. Qh5+ Kg7 25. Rhg1 Qd6 26. Rgf1 Qd8 27. g5 f5 28. Qh6+ Kf7 29. Rfe1 Qe7 30. Rxd4 Rag8 31. Nb1 Rg6 32. Qh5 Qc5 33. Rd2 Qc4 34. Rf2 Qxa2 35. Rfe2 Kg7 36. Qh4 Rc8 37. Qf2 Be4 38. Qd4+ Kg8 39. h4 Rg7 40. h5 Rgc7 41. Na3 Qb3 42. Rxe4 Rxc2+ 43. Kb1 fxe4 44. g6 R2c7 45. gxh7+ Kxh7 46. Qxe4+ Kh8 47. Qe5+ Kh7 48. Qe4+ Kh8 49. Qg6 Rg7 50. Qh6+ Rh7 51. Qf6+ Rg7 52. h6 1-0